<?xml version="1.0" encoding="UTF-8"?>
<record
    xmlns:xsi="http://www.w3.org/2001/XMLSchema-instance"
    xsi:schemaLocation="http://www.loc.gov/MARC21/slim http://www.loc.gov/standards/marcxml/schema/MARC21slim.xsd"
    xmlns="http://www.loc.gov/MARC21/slim">

  <leader>02716njm a2200493Ia 4500</leader>
  <controlfield tag="001">20425</controlfield>
  <controlfield tag="003">IT-RoPAU</controlfield>
  <controlfield tag="005">20220918181214.0</controlfield>
  <controlfield tag="008">131025s9999    xx            000 0 und d</controlfield>
  <datafield tag="040" ind1=" " ind2=" ">
    <subfield code="a">IT-RoPAU</subfield>
  </datafield>
  <datafield tag="040" ind1=" " ind2=" ">
    <subfield code="c">IT-RoPAU</subfield>
  </datafield>
  <datafield tag="041" ind1=" " ind2=" ">
    <subfield code="a">ITALIANO</subfield>
  </datafield>
  <datafield tag="999" ind1=" " ind2=" ">
    <subfield code="c">103840</subfield>
    <subfield code="d">103840</subfield>
  </datafield>
  <datafield tag="999" ind1=" " ind2=" ">
    <subfield code="b">n.d.</subfield>
  </datafield>
  <datafield tag="100" ind1=" " ind2=" ">
    <subfield code="a">AA.VV.</subfield>
    <subfield code="9">794</subfield>
  </datafield>
  <datafield tag="100" ind1=" " ind2=" ">
    <subfield code="e">Autore musica</subfield>
    <subfield code="9">1561</subfield>
  </datafield>
  <datafield tag="100" ind1=" " ind2=" ">
    <subfield code="g">Codice autore musica SPICS: 12000</subfield>
    <subfield code="9">796</subfield>
  </datafield>
  <datafield tag="245" ind1=" " ind2=" ">
    <subfield code="a">Deus (Lp Cln 20257)</subfield>
  </datafield>
  <datafield tag="250" ind1=" " ind2=" ">
    <subfield code="a">1a ed.</subfield>
  </datafield>
  <datafield tag="260" ind1=" " ind2=" ">
    <subfield code="a">MILANO</subfield>
  </datafield>
  <datafield tag="260" ind1=" " ind2=" ">
    <subfield code="b">CLAN</subfield>
    <subfield code="c">1981 [1a Ed.:1981 - Ed. Lingua Orig.: 1981]</subfield>
  </datafield>
  <datafield tag="300" ind1=" " ind2=" ">
    <subfield code="a">DISCO</subfield>
  </datafield>
  <datafield tag="500" ind1=" " ind2=" ">
    <subfield code="a">Cantautore. Problemi sociali: aborto, edilizia, ecologia. Rapporto mondo-Dio. Amore. Canzone per il rock</subfield>
  </datafield>
  <datafield tag="505" ind1=" " ind2=" ">
    <subfield code="a">L'estate &#xE8; gi&#xE0; qua - Deus - Mi fanno ridere - Crazy movie - Quando - L'artigiano - Dove vai Jack? - L'ora del rock</subfield>
  </datafield>
  <datafield tag="511" ind1=" " ind2=" ">
    <subfield code="a">Direttore: Pirazzoli Pinuccio</subfield>
  </datafield>
  <datafield tag="650" ind1=" " ind2=" ">
    <subfield code="a">CANZONE ITALIAN [DISCHI]</subfield>
    <subfield code="e">Codice MATERIA SPICS: 9950</subfield>
    <subfield code="9">1562</subfield>
  </datafield>
  <datafield tag="700" ind1=" " ind2=" ">
    <subfield code="a">Celentano Adriano</subfield>
    <subfield code="g">Codice autore testo/musica SPICS: 10821</subfield>
    <subfield code="e">Autore testo/musica</subfield>
    <subfield code="p">Deus - L'artigiano</subfield>
    <subfield code="9">1563</subfield>
  </datafield>
  <datafield tag="700" ind1=" " ind2=" ">
    <subfield code="a">Stock L.</subfield>
    <subfield code="g">Codice autore musica SPICS: 23751</subfield>
    <subfield code="e">Autore musica</subfield>
    <subfield code="p">L'Estate &#xE8; gi&#xE0; qua</subfield>
    <subfield code="9">1564</subfield>
  </datafield>
  <datafield tag="700" ind1=" " ind2=" ">
    <subfield code="a">Rose Vincent</subfield>
    <subfield code="g">Codice autore SPICS: 15733</subfield>
    <subfield code="e">Autore</subfield>
    <subfield code="p">L'Estate &#xE8; gi&#xE0; qua</subfield>
    <subfield code="9">1565</subfield>
  </datafield>
  <datafield tag="700" ind1=" " ind2=" ">
    <subfield code="a">Chiosso Leo</subfield>
    <subfield code="g">Codice autore testo/musica SPICS: 13606</subfield>
    <subfield code="e">Autore testo/musica - Dove vai Jack?</subfield>
    <subfield code="p">L'Estate &#xE8; gi&#xE0; qua</subfield>
    <subfield code="9">1566</subfield>
  </datafield>
  <datafield tag="700" ind1=" " ind2=" ">
    <subfield code="a">Pirazzoli Pinuccio</subfield>
    <subfield code="g">Codice autore musica SPICS: 24493</subfield>
    <subfield code="e">Autore musica</subfield>
    <subfield code="p">Deus</subfield>
    <subfield code="9">1567</subfield>
  </datafield>
  <datafield tag="700" ind1=" " ind2=" ">
    <subfield code="a">Blackwell R.</subfield>
    <subfield code="g">Codice autore musica SPICS: 24494</subfield>
    <subfield code="e">Autore musica</subfield>
    <subfield code="p">Mi fanno ridere</subfield>
    <subfield code="9">1568</subfield>
  </datafield>
  <datafield tag="700" ind1=" " ind2=" ">
    <subfield code="a">Marascalco J.</subfield>
    <subfield code="g">Codice autore SPICS: 24584</subfield>
    <subfield code="e">Autore</subfield>
    <subfield code="p">Mi fanno ridere</subfield>
    <subfield code="9">1569</subfield>
  </datafield>
  <datafield tag="700" ind1=" " ind2=" ">
    <subfield code="a">Minellono C.</subfield>
    <subfield code="g">Codice autore testo/musica SPICS: 14293</subfield>
    <subfield code="e">Autore testo/musica</subfield>
    <subfield code="p">Mi fanno ridere - Crazy movie - Quando</subfield>
    <subfield code="9">1570</subfield>
  </datafield>
  <datafield tag="700" ind1=" " ind2=" ">
    <subfield code="a">Crudup A.</subfield>
    <subfield code="g">Codice autore musica SPICS: 24495</subfield>
    <subfield code="e">Autore musica</subfield>
    <subfield code="p">Crazy movie</subfield>
    <subfield code="9">1571</subfield>
  </datafield>
  <datafield tag="700" ind1=" " ind2=" ">
    <subfield code="a">Malbo</subfield>
    <subfield code="g">Codice autore musica SPICS: 24496</subfield>
    <subfield code="e">Autore musica</subfield>
    <subfield code="p">Quando</subfield>
    <subfield code="9">1572</subfield>
  </datafield>
  <datafield tag="700" ind1=" " ind2=" ">
    <subfield code="a">Del Prete Miki</subfield>
    <subfield code="g">Codice autore testo/musica SPICS: 13865</subfield>
    <subfield code="e">Autore testo/musica</subfield>
    <subfield code="p">Quando - L'ora del rock</subfield>
    <subfield code="9">1573</subfield>
  </datafield>
  <datafield tag="700" ind1=" " ind2=" ">
    <subfield code="a">Cocker Joe</subfield>
    <subfield code="g">Codice autore musica SPICS: 10157</subfield>
    <subfield code="e">Autore musica</subfield>
    <subfield code="p">L'artigiano</subfield>
    <subfield code="9">1574</subfield>
  </datafield>
  <datafield tag="700" ind1=" " ind2=" ">
    <subfield code="a">Stainton C.</subfield>
    <subfield code="g">Codice autore SPICS: 24585</subfield>
    <subfield code="e">Autore</subfield>
    <subfield code="p">L'artigiano</subfield>
    <subfield code="9">1575</subfield>
  </datafield>
  <datafield tag="700" ind1=" " ind2=" ">
    <subfield code="a">Mayfield P.</subfield>
    <subfield code="g">Codice autore musica SPICS: 24497</subfield>
    <subfield code="e">Autore musica</subfield>
    <subfield code="p">Dove vai Jack?</subfield>
    <subfield code="9">1576</subfield>
  </datafield>
  <datafield tag="700" ind1=" " ind2=" ">
    <subfield code="a">Chiosso Leo</subfield>
    <subfield code="g">Codice autore testo/musica SPICS: 13606</subfield>
    <subfield code="e">Autore testo/musica</subfield>
    <subfield code="p">Dove vai Jack?</subfield>
    <subfield code="9">1577</subfield>
  </datafield>
  <datafield tag="700" ind1=" " ind2=" ">
    <subfield code="a">Haley B.</subfield>
    <subfield code="g">Codice autore musica SPICS: 24498</subfield>
    <subfield code="e">Autore musica</subfield>
    <subfield code="p">L'ora del rock</subfield>
    <subfield code="9">1578</subfield>
  </datafield>
  <datafield tag="700" ind1=" " ind2=" ">
    <subfield code="a">Beretta </subfield>
    <subfield code="g">Codice autore SPICS: 22720</subfield>
    <subfield code="e">Autore</subfield>
    <subfield code="p">L'ora del rock</subfield>
    <subfield code="9">1579</subfield>
  </datafield>
  <datafield tag="942" ind1=" " ind2=" ">
    <subfield code="c">MD</subfield>
    <subfield code="2">ddc</subfield>
  </datafield>
  <datafield tag="952" ind1=" " ind2=" ">
    <subfield code="0">0</subfield>
    <subfield code="1">0</subfield>
    <subfield code="4">0</subfield>
    <subfield code="6">20425_000000000000000</subfield>
    <subfield code="7">1</subfield>
    <subfield code="a">SPICS</subfield>
    <subfield code="b">SPICS</subfield>
    <subfield code="d">2013-10-25</subfield>
    <subfield code="l">0</subfield>
    <subfield code="o">20425</subfield>
    <subfield code="r">2013-10-25 00:00:00</subfield>
    <subfield code="w">2013-10-25</subfield>
    <subfield code="y">MD</subfield>
    <subfield code="z">Progr. Ins.: 3733 / N.Vol.: 1 / Copie: 1 - Copia rara: n.d. / date import: 01.01.2014 - By Epidotti, Trombetti, Vaglietti</subfield>
  </datafield>
</record>
